Geografické, environmentální a socioekonomické determinanty cestovního ruchu v malých ostrovních rozvojových státech (SIDS)

Cestovný ruch ako významný faktor rozvoja ekonomiky. Vymedzenie a charakteristika malých ostrovných rozvojových štátov. Atraktivita malých ostrovných rozvojových štátov ako prímorských destinácií. Podiel cestovného ruchu na tvorbe HDP a na zamestnanosti (2016). Podiel počtu príjazdov do malých ostro...

Celý popis

Uložené v:
Podrobná bibliografia
Hlavný autor: Opršal, Zdeněk
Ďalší autori: Harmáček, Jaromír
Médium: Kapitola
Jazyk:Czech
Predmet:
Tagy: Pridať tag
Žiadne tagy, Buďte prvý, kto otaguje tento záznam!

MARC

LEADER 00000naa a2200000 4500
001 0246665
005 20180730111422.6
041 0 |a cze 
044 |a SK 
245 1 0 |a Geografické, environmentální a socioekonomické determinanty cestovního ruchu v malých ostrovních rozvojových státech (SIDS)  |c Zdeněk Opršal, Jaromír Harmáček 
520 |a Cestovný ruch ako významný faktor rozvoja ekonomiky. Vymedzenie a charakteristika malých ostrovných rozvojových štátov. Atraktivita malých ostrovných rozvojových štátov ako prímorských destinácií. Podiel cestovného ruchu na tvorbe HDP a na zamestnanosti (2016). Podiel počtu príjazdov do malých ostrovných rozvojových štátov na obyvateľa (2016). Regresná analýza faktorov, ktoré majú vplyv na prílev turistov do malých ostrovných rozvojových štátov v období rokov 2005-2016. 
610 2 0 |a ruch cestovný aktívny 
610 2 0 |a krajiny rozvojové 
610 2 0 |a analýza regresná 
610 2 0 |a produkt domáci hrubý 
610 2 0 |a stabilita politická 
610 2 0 |a hladina cenová 
610 2 0 |a hygiena 
610 2 0 |a bezpečnosť 
610 2 0 |a zariadenia ubytovacie 
610 2 0 |a modely 
610 2 0 |a svet 
100 1 |a Opršal, Zdeněk 
700 1 |a Harmáček, Jaromír